La vida y la obra del bibliófilo y bibliógrafo extremeño D. Antonio Rodríguez-Moñino / (Record no. 53411)

MARC details
000 -LEADER
campo de control de longitud fija 01068nam a2200277 i 4500
001 - NÚMERO DE CONTROL
campo de control 53411
003 - IDENTIFICADOR DE NÚMERO DE CONTROL
campo de control ES-MaACL
005 - FECHA Y HORA DE LA ÚLTIMA TRANSACCIÓN
campo de control 20240508161952.0
007 - CAMPO FIJO DE DESCRIPCIÓN FÍSICA--INFORMACIÓN GENERAL
campo de control de longitud fija t|
008 - DATOS DE LONGITUD FIJA--INFORMACIÓN GENERAL
campo de control de longitud fija 031023s2002 sp ||||0| spa j
020 ## - NÚMERO INTERNACIONAL ESTÁNDAR DEL LIBRO
Número Internacional Estándar del Libro 84-87311-23-7
040 ## - FUENTE DE CATALOGACIÓN
Centro catalogador/agencia de origen M-BN
Lengua de catalogación spa
Centro/agencia transcriptor M-BN
080 ## - NÚMERO DE LA CLASIFICACIÓN DECIMAL UNIVERSAL
Número de la Clasificación Decimal Universal 929 Rodríguez-Moñino, Antonio
100 1# - ENTRADA PRINCIPAL--NOMBRE DE PERSONA
Nombre de persona Rodríguez-Moñino Soriano, Rafael.
9 (RLIN) 98682
245 13 - MENCIÓN DEL TÍTULO
Título La vida y la obra del bibliófilo y bibliógrafo extremeño D. Antonio Rodríguez-Moñino /
Mención de responsabilidad, etc. Rafael Rodríguez-Moñino Soriano.
250 ## - MENCION DE EDICION
Mención de edición 2ª ed. / prólogo de la segunda edición, Fernando Lázaro Carreter.
260 ## - PUBLICACIÓN, DISTRIBUCIÓN, ETC.
Lugar de publicación, distribución, etc. Madrid :
Nombre del editor, distribuidor, etc. Asociación Cultural Beturia,
Fecha de publicación, distribución, etc. 2002.
300 ## - DESCRIPCIÓN FÍSICA
Extensión 591 p., XXXV p. de lám ;
Dimensiones 24 cm.
490 1# - MENCIÓN DE SERIE
Mención de serie Colección Diego Muñoz Torrero ;
Designación de volumen o secuencia 3
504 ## - NOTA DE BIBLIOGRAFÍA, ETC.
Nota de bibliografía, etc. Bibliografía: p. [543]-547. Indice.
600 14 - PUNTO DE ACCESO ADICIONAL DE MATERIA--NOMBRE DE PERSONA
Nombre de persona Rodríguez-Moñino, Antonio.
9 (RLIN) 98681
700 1# - ENTRADA AGREGADA--NOMBRE PERSONAL
Nombre de persona Lázaro Carreter, Fernando,
Fechas asociadas al nombre 1923-2004
9 (RLIN) 70798
830 0# - PUNTO DE ACCESO ADICIONAL DE SERIE-TÍTULO UNIFORME
Título uniforme Colección Diego Muñoz Torrero ;
Designación de volumen o secuencia 3
9 (RLIN) 180351
852 ## - LOCALIZACIÓN
Ubicación ES-MaACL
Número de control de estantería L-26592
Sublocalización o colección R.132299
Holdings
Estatus retirado Estado de pérdida Estado de daño No para préstamo Biblioteca de origen Biblioteca actual Ubicación en estantería Fecha de adquisición Fuente de adquisición Total de préstamos Signatura topográfica completa Código de barras Visto por última vez Precio de reemplazo Tipo de ítem Koha
        Biblioteca del Ateneo de Madrid Biblioteca del Ateneo de Madrid Depósito 2 17/01/2008     L-26592 1056122 23/02/2023 23/02/2023 Libro impreso